00246nam a22000977a 4500008004100000082001500041100002100056245002200077260004000099300000900139230619b xxu||||| |||| 00| 0 eng d a255.7bKIT cGlenn D. Kittler aThe White Fathers aLondonbW. H. Allen & Co. Ltdc1957 a319p